States - Highest Gas Tax - Statistics

General Stats
  • This quiz has been taken 5,444 times
  • The average score is 7 of 12
Answer Stats
Rate in Cents State % Correct
79.60 CA
96%
64.36 NY
82%
67.80 WA
75%
60.88 MI
69%
60.39 FL
68%
59.80 NJ
62%
73.38 IL
57%
56.91 OH
50%
77.10 PA
44%
66.65 HI
43%
65.02 IN
40%
60.51 CT
39%
No matching quizzes found
Score Distribution
Percent of People with Each Score
Percentile by Number Answered
Your Score History
You have not taken this quiz